| 000 | 00663nam a2200205 a 4500 | ||
|---|---|---|---|
| 005 | 20210223130609.0 | ||
| 008 | 080821s1984 mx r 000 0 spa d | ||
| 035 | _aUPN01000159415 | ||
| 049 | _aUNE | ||
| 080 | _a37.043 (729.87) =20 PAN No.144. | ||
| 100 | 1 | _aPantin, Gerry | |
| 245 | 1 | 4 |
_aThe Mobilization of glassroots communities : _bthe experience of Servol / _cby Gerry Pantin. |
| 260 |
_aParÃs : _bUNESCO ; _aNew York : _bUNICEF, _c1984. |
||
| 300 | _a13 p. | ||
| 440 | 0 |
_aNotes, comments... ; _v144 |
|
| 690 | _aEducacion comunitaria - Trinidad y Tobago | ||
| 710 | 2 |
_aUNICEF _924085 |
|
| 710 | 2 | _aPrograma de Alimentación Mundial | |
| 905 | _aUNESCO | ||
| 999 |
_c131529 _d131529 |
||